000 00909cam a2200205 4500
008 030827n2003 000 0 eng u
035 _a(Sirsi) u123370
245 _aNew guidance for fairer contracts
260 _c2003
490 _aInside Housing
_v 22 August 2003, 7(1)
520 _aOFT has revised its guidance on tenancy agreements with reference to assured and assured shorthold tenancies. Social landlords are encouraged to avoid what OFT believe to be potentially unfair terms such as a compulsory arbitration clause. "Unfair tenancy terms" is available from the OFT website, www.oft.gov.uk.
590 _aWB
650 _aSOCIAL LANDLORDS
650 _aASSURED TENANCIES
650 _aASSURED SHORTHOLD TENANCIES
650 _aTENANCY AGREEMENTS
650 _aCONTRACT TERMS
690 _aPROPERTY-RESIDENTIAL PROPERTY-RESIDENTIAL LANDLORD AND TENANT-RESIDENTIAL TENANCIES
942 _n0
999 _c73277
_d73277